God vs. the gavel : (Record no. 613365)

000 -LEADER
fixed length control field 02099cam a2200385 i 4500
001 - CONTROL NUMBER
control field 18128706
005 - DATE AND TIME OF LATEST TRANSACTION
control field 20250317102510.0
008 - FIXED-LENGTH DATA ELEMENTS--GENERAL INFORMATION
fixed length control field 140425s2014 nyua b 001 0 eng
010 ## - LIBRARY OF CONGRESS CONTROL NUMBER
LC control number 2014012718
020 ## - INTERNATIONAL STANDARD BOOK NUMBER
International Standard Book Number 9781107087446 (hardback)
020 ## - INTERNATIONAL STANDARD BOOK NUMBER
International Standard Book Number 9781107456556 (pbk.)
040 ## - CATALOGING SOURCE
Original cataloging agency DLC
Language of cataloging eng
Transcribing agency DLC
Description conventions rda
Modifying agency DLC
042 ## - AUTHENTICATION CODE
Authentication code pcc
043 ## - GEOGRAPHIC AREA CODE
Geographic area code n-us---
050 00 - LIBRARY OF CONGRESS CALL NUMBER
Classification number KF9434
Item number .H36 2014
082 00 - DEWEY DECIMAL CLASSIFICATION NUMBER
Classification number 342.730852
Edition number 23
Author Mark HAM
100 1# - MAIN ENTRY--PERSONAL NAME
Personal name Hamilton, Marci,
Relator term author.
9 (RLIN) 128384
245 10 - TITLE STATEMENT
Title God vs. the gavel :
Remainder of title the perils of extreme religious liberty /
Statement of responsibility, etc. Marci A. Hamilton, Paul R. Verkuil Chair in Public Law, Benjamin N. Cardozo School of Law, Yeshiva University.
246 3# - VARYING FORM OF TITLE
Title proper/short title God versus the gavel
250 ## - EDITION STATEMENT
Edition statement Revised second edition.
264 #1 - PRODUCTION, PUBLICATION, DISTRIBUTION, MANUFACTURE, AND COPYRIGHT NOTICE
Place of production, publication, distribution, manufacture New York, NY :
Name of producer, publisher, distributor, manufacturer Cambridge University Press,
Date of production, publication, distribution, manufacture, or copyright notice 2014.
300 ## - PHYSICAL DESCRIPTION
Extent ix, 476 pages :
Other physical details illustrations ;
Dimensions 24 cm
336 ## - CONTENT TYPE
Content type term text
Content type code txt
Source rdacontent
337 ## - MEDIA TYPE
Media type term unmediated
Media type code n
Source rdamedia
338 ## - CARRIER TYPE
Carrier type term volume
Carrier type code nc
Source rdacarrier
504 ## - BIBLIOGRAPHY, ETC. NOTE
Bibliography, etc. note Includes bibliographical references and index.
505 0# - FORMATTED CONTENTS NOTE
Formatted contents note Introduction : the wages of RFRA [Religious Freedom Restoration Act] -- Part One. Religious liberty is not a license to harm others -- The problem -- Children -- Marriage -- Religious land use and residential neighborhoods -- Schools -- The prisons and the military -- The right to discriminate -- Part Two. The history and doctrine behind common-sense religious liberty -- Ordered liberty : religious liberty at the Supreme Court -- The decline of church autonomy and the rise of the no-harm rule -- The path to the public good -- Epilogue: follow the money.
650 #0 - SUBJECT ADDED ENTRY--TOPICAL TERM
Topical term or geographic name entry element Corporations, Religious
General subdivision Law and legislation
Geographic subdivision United States
General subdivision Criminal provisions.
9 (RLIN) 128385
650 #0 - SUBJECT ADDED ENTRY--TOPICAL TERM
Topical term or geographic name entry element Tort liability of religious corporations
Geographic subdivision United States.
9 (RLIN) 128386
650 #0 - SUBJECT ADDED ENTRY--TOPICAL TERM
Topical term or geographic name entry element Clergy
General subdivision Malpractice
Geographic subdivision United States.
9 (RLIN) 128387
650 #0 - SUBJECT ADDED ENTRY--TOPICAL TERM
Topical term or geographic name entry element Rule of law
Geographic subdivision United States.
9 (RLIN) 103168
906 ## - LOCAL DATA ELEMENT F, LDF (RLIN)
a 7
b cbc
c orignew
d 1
e ecip
f 20
g y-gencatlg
942 ## - ADDED ENTRY ELEMENTS (KOHA)
Source of classification or shelving scheme
Koha item type Book
Holdings
Withdrawn status Lost status Source of classification or shelving scheme Damaged status Not for loan Permanent Location Current Location Date acquired Total Checkouts Full call number Barcode Date last seen Price effective from Koha item type
          NUST Law School (NLS) NUST Law School (NLS) 03/17/2025   342.730852 HAM NLS-1437 03/17/2025 03/17/2025 Book
© 2023 Central Library, National University of Sciences and Technology. All Rights Reserved.